000 00411nam a2200169 a 4500
005 20240924070859.0
008 991125s1969 par 000 0 spa u
035 _aUPN01000010538
049 _aCG
050 4 _aHQ799
_bC6
245 0 0 _aCon la juventud /
260 _aParĂ­s :
_bUNESCO,
_c1969.
300 _a67 p. :
_bil.
440 3 _aLa UNESCO y su programa
650 4 _aJuventud
_914365
905 _aLibro
999 _c10538
_d10538